000 00813nam a2200253 4500
003 OSt
005 20260601171009.0
008 260420b1991\\\\mx\a||||\||||\00|\0\spa\d
020 _a9688871621
040 _aICI
_bSPA
_cICI
050 _aTA658.2
_bS5518
100 _aSims, Mitzi,
_97010
240 _aSign design
_lEspañol
245 1 _aGráfica del entorno
_bSignos, senales y rotulos Tecnicas y materiales
_c Mitzi sims ;vers. castellana de Carlos Sáenz de valicourt
264 _bGustavo Gili
_c1991
_aMéxico
300 _a176 páginas
336 _atexto
_2rdacontent
337 _asin medio
_2rdamedia
338 _avolumen
_2rdacarrier
650 _aLetreros
_xDiseño y construcción
_932835
700 _aSáenz de Valicourt, Carlos
_etraductor
700 _aSims, Mitzi.
_97010
942 _2ddc
_cB
999 _c20430
_d20430